000 00408nam a2200145Ia 4500
008 100204s9999 xx 000 0 und d
082 _b26338
100 _aमोने उत्तरा
245 _aकृतार्थ
260 _bअविष्कार प्रकाशन
_c2004
300 _a152
630 _aकृतार्थ
730 _aकृतार्थ
942 _cBOOK
999 _c471519
_d471516